Annotated Sample Revolving credit Agreement / (Registro nro. 8172)

Detalles MARC
000 -LEADER
fixed length control field 01080nam a2200277Ia 4500
003 - CONTROL NUMBER IDENTIFIER
control field OSt
005 - DATE AND TIME OF LATEST TRANSACTION
control field 20210729160817.0
008 - FIXED-LENGTH DATA ELEMENTS--GENERAL INFORMATION
fixed length control field 210310t1994 eu gr 000 0 eng d
020 ## - INTERNATIONAL STANDARD BOOK NUMBER
International Standard Book Number 0935328777
040 ## - CATALOGING SOURCE
Original cataloging agency CO-JMCR
Transcribing agency CO-JMCR
041 0# - LANGUAGE CODE
Language code of text/sound track or separate title eng
082 04 - DEWEY DECIMAL CLASSIFICATION NUMBER
Classification number 332.7 /
Item number G645a
Edition number 23
100 1# - MAIN ENTRY--PERSONAL NAME
Personal name Gooch, Anthony C.,
9 (RLIN) 16529
Relator term autor
245 10 - TITLE STATEMENT
Title Annotated Sample Revolving credit Agreement /
Statement of responsibility, etc. Anthony C. Gooch, Linda B. Klein ; Roberto G. MacLean and Jeswald W. Salacuse, general editors
260 ## - PUBLICATION, DISTRIBUTION, ETC.
Place of publication, distribution, etc. Washington, D.C. :
Name of publisher, distributor, etc. International Law Institute,
Date of publication, distribution, etc. ©1994
300 ## - PHYSICAL DESCRIPTION
Extent vii, 108 páginas ;
Dimensions 28 cm.
490 0# - SERIES STATEMENT
Series statement International negotiation and development.
500 ## - GENERAL NOTE
General note Incluye notas a pie de páginas
650 14 - SUBJECT ADDED ENTRY--TOPICAL TERM
Topical term or geographic name entry element Préstamos Extranjeros
9 (RLIN) 16531
General subdivision Derecho y legislación
650 24 - SUBJECT ADDED ENTRY--TOPICAL TERM
Topical term or geographic name entry element Préstamos bancarios
General subdivision Ley y legislación
9 (RLIN) 38899
650 24 - SUBJECT ADDED ENTRY--TOPICAL TERM
Topical term or geographic name entry element Mercado euro-dólar
General subdivision Ley y legislación
9 (RLIN) 38900
700 1# - ADDED ENTRY--PERSONAL NAME
Personal name Klein, Linda B.,
Relator term autora
9 (RLIN) 38901
700 1# - ADDED ENTRY--PERSONAL NAME
Personal name MacLean, Roberto G.,
Relator term editor
9 (RLIN) 38902
700 1# - ADDED ENTRY--PERSONAL NAME
Personal name Salacuse, Jeswald W.,
Relator term editor
9 (RLIN) 38903
942 ## - ADDED ENTRY ELEMENTS (KOHA)
Source of classification or shelving scheme Dewey Decimal Classification
Koha item type Books
Existencias
Withdrawn status Lost status Source of classification or shelving scheme Damaged status Not for loan Collection code Home library Current library Date acquired Source of acquisition Full call number Barcode Date last seen Copy number Koha item type
    Dewey Decimal Classification     Non-fiction Biblioteca Pública José María del Castillo y Rada Biblioteca Pública José María del Castillo y Rada 04/15/2018 Donación 332.7 / G645a 430003315 05/16/2024 Ej.1 Books